[Event "Pozarevac Rudar FM 01"]
[Site "Pozarevac"]
[Date "2024.01.27"]
[Round "6.3"]
[White "Ilic, Mia"]
[Black "Popchev, Milko"]
[Result "0-1"]
[WhiteElo "1655"]
[BlackElo "2193"]
[PlyCount "84"]
[EventDate "2024.01.24"]
[EventType "schev"]
[EventRounds "10"]
[EventCountry "SRB"]
[SourceTitle "CB06_2024"]
[SourceDate "2024.02.07"]
[SourceVersion "1"]
[SourceVersionDate "2024.02.07"]
[SourceQuality "1"]
[WhiteTeam "Team B"]
[BlackTeam "Team A"]
[WhiteTeamCountry "SRB"]
[BlackTeamCountry "SRB"]

1. d4 d6 2. c4 e5 3. Nc3 Nd7 4. g3 Ngf6 5. Bg2 Be7 6. Nf3 0-0 7. 0-0 Re8 8. b3 Bf8 9. e3 c6 10. Nd2 a6 11. Bb2 Nb6 12. Qc2 exd4 13. exd4 d5 14. Nd1 Be6 15. Ne3 Nc8 16. c5 Ne7 17. b4 Qd7 18. Rfe1 Bh3 19. Bh1 Nf5 20. Nxf5 Bxf5 21. Qb3 g6 22. Nf1 Bg7 23. Ne3 Bh3 24. a4 Ne4 25. f3 Ng5 26. Kf2 f5 27. Ng2 Bxg2 28. Bxg2 f4 29. gxf4 Nf7 30. Kg3 Nh6 31. Bh3 Nf5+ 32. Kg2 Rf8 33. Qd3 Bh6 34. Bc1 Rf7 35. Be3 Raf8 36. Bf2 Bxf4 37. Bg3 Qc7 38. Bxf5 Rxf5 39. Bxf4 Rxf4 40. Re3 Rh4 41. Rh1 Qf4 42. Re7 Qg5+ 0-1

[Event "Pozarevac Rudar FM 01"]
[Site "Pozarevac"]
[Date "2024.01.24"]
[Round "1.3"]
[White "Popchev, Milko"]
[Black "Ilic, Mia"]
[Result "1-0"]
[WhiteElo "2193"]
[BlackElo "1655"]
[PlyCount "63"]
[EventDate "2024.01.24"]
[EventType "schev"]
[EventRounds "10"]
[EventCountry "SRB"]
[SourceTitle "CB06_2024"]
[SourceDate "2024.02.07"]
[SourceVersion "1"]
[SourceVersionDate "2024.02.07"]
[SourceQuality "1"]
[WhiteTeam "Team A"]
[BlackTeam "Team B"]
[WhiteTeamCountry "SRB"]
[BlackTeamCountry "SRB"]

1. e4 c5 2. Nf3 d6 3. Be2 Nf6 4. d3 g6 5. 0-0 Bg7 6. Re1 0-0 7. Bf1 Nc6 8. c3 e6 9. d4 cxd4 10. cxd4 Qc7 11. Nc3 Rd8 12. h3 Ne8 13. Bg5 f6 14. Bh4 g5 15. Bg3 Qf7 16. d5 Ne5 17. Nd4 f5 18. dxe6 Bxe6 19. Nxe6 Qxe6 20. exf5 Qxf5 21. Nd5 Qd7 22. Qb3 Kh8 23. Rad1 Nc6 24. Qe3 h6 25. h4 Qf5 26. hxg5 Qxg5 27. Bf4 Qf5 28. Bxh6 Bxb2 29. Qb3 Bd4 30. Rxd4 Nxd4 31. Qg3 Rd7 32. Ne7 1-0